banner koha

Temperaturas para a germinação de sementes de capixingui (Croton floribundus - Spreng - Euphorbiaceae) (Registro n. 215912)

MARC details
000 -LÍDER
campo de controle de tamanho fixo 00987nas a2200277 4500
001 - NÚMERO DE CONTROLE
campo de controle BR2011007780
003 - IDENTIFICADOR DO NÚMERO DE CONTROLE
campo de controle BR-BrBNA
005 - DATA E HORÁRIO DA ÚLTIMA TRANSAÇÃO
campo de controle 20231205115828.0
007 - CAMPO FIXO DE DESCRIÇÃO FÍSICA--INFORMAÇÃO GERAL
campo de controle de tamanho fixo ta
008 - CAMPO DE DADOS FIXOS--INFORMAÇÃO GERAL
campo de controle de tamanho fixo 230509b bl.|||p| |||| 00| 00por d
040 ## - FONTE DA CATALOGAÇÃO
Instituição da catalogação original BR-BrBNA
Idioma da catalogação por
Instituição que transcreveu o registro Biblioteca Nacional de Agricultura
041 ## - CÓDIGO DE IDIOMA
Código do idioma do texto/trilha sonora ou título diferente (Pt)
072 ## - CÓDIGO DE CATEGORIA DE ASSUNTO
Código de Categoria de Assunto K10; F62
100 1# - ENTRADA PRINCIPAL--NOME PESSOAL
Nome pessoal Abdo, M.T.V.N.
100 1# - ENTRADA PRINCIPAL--NOME PESSOAL
Nome pessoal Paula, R.C. de
245 1# - TÍTULO
Título Temperaturas para a germinação de sementes de capixingui (Croton floribundus - Spreng - Euphorbiaceae)
246 1# - FORMA VARIANTE DO TÍTULO
Título/título abreviado Seed germination of Croton floribundus - Spreng - Euphorbiaceae affected by temperature
650 ## - ASSUNTO--TERMO TÓPICO
Cabeçalho tópico ou nome geográfico SEMENTE
650 ## - ASSUNTO--TERMO TÓPICO
Cabeçalho tópico ou nome geográfico EUPHORBIACEAE
650 ## - ASSUNTO--TERMO TÓPICO
Cabeçalho tópico ou nome geográfico GERMINAÇÃO
650 ## - ASSUNTO--TERMO TÓPICO
Cabeçalho tópico ou nome geográfico TEMPERATURA
773 0# - ENTRADA ANALÍTICA
Título Revista Brasileira de Sementes (Brazil)
ISSN - International Standard Serial Number ISSN 0101-3122
Partes relacionadas (Dec 2006), v. 28(3) p. 135-140
Número de controle do registro BR2011007780
856 4# - LOCALIZAÇÃO ELETRÔNICA E ACESSO
Uniform Resource Identifier <a href="http://www.scielo.br/pdf/rbs/v28n3/20.pdf">http://www.scielo.br/pdf/rbs/v28n3/20.pdf</a>
Texto de ligação Recurso eletrônico (PDF)
909 ## -
-- 202311
-- Lúcia
-- 55
-- Lúcia Elande
942 ## - ELEMENTOS DE ENTRADA ADICIONADOS (KOHA)
Fonte da classificação ou esquema de arquivamento na estante Classificação AGRIS
Ocultar no OPAC Não
Tipo de material Koha Analítica
Exemplares
Situação do descarte Fonte da classificação ou esquema de arquivamento na estante Situação física Não pode ser emprestado Biblioteca de origem Biblioteca atual Localização na estante Enumeração do periódico / cronologia Total de empréstimos Data de último acesso Número do exemplar Tipo de material Koha Fonte de aquisição
  Classificação AGRIS   Consulta local Biblioteca Nacional de Agricultura - Binagri Biblioteca Nacional de Agricultura - Binagri   (Dec 2006), v. 28(3) p. 135-140   29/11/2023 01 Periódicos Portaria Interministerial nº 164/94

BINAGRI

Telefone: (61)3218-2567/2388/3357/2097 - binagri@agro.gov.br

Ministério da Agricultura e Pecuária , Esplanada dos Ministérios, Bloco D, Anexo B, Brasília/DF, CEP: 70.043-900